|
|
|
|
| LEADER |
00000nam0a2200000 4500 |
| 001 |
345644 |
| 005 |
20231102005810.0 |
| 035 |
|
|
|a (RuTPU)RU\TPU\book\377494
|
| 090 |
|
|
|a 345644
|
| 100 |
|
|
|a 20210203d2020 e y0rusy50 ca
|
| 101 |
0 |
|
|a rus
|
| 102 |
|
|
|a RU
|
| 105 |
|
|
|a a z 000ay
|
| 200 |
1 |
|
|a Новогодние сказки в НТБ
|e сборник
|f Национальный исследовательский Томский политехнический университет, Научно-техническая библиотека ; под ред. Д. А. Лимарева
|
| 210 |
|
|
|a Томск
|c Изд-во НТБ ТПУ
|d 2020
|
| 215 |
|
|
|a 31 с.
|c ил.
|
| 330 |
|
|
|a Издание подготовлено специально к новогоднему конкурсу от Научно-технической библиотеки ТПУ. В сборнике - авторские сказки от политехников и не только, объединенные общей тематикой праздника. Окунитесь в атмосферу добрых чудес!
|
| 606 |
1 |
|
|a Русская литература современная
|2 stltpush
|3 (RuTPU)RU\TPU\subj\26373
|9 50316
|
| 610 |
1 |
|
|a художественная литература
|
| 610 |
1 |
|
|a сказки
|
| 610 |
1 |
|
|a Новый год
|
| 610 |
1 |
|
|a НТБ ТПУ
|
| 610 |
1 |
|
|a конкурсы
|
| 675 |
|
|
|a Р2
|v 4
|
| 702 |
|
1 |
|a Лимарев
|b Д. А.
|c специалист в области информатики и вычислительной техники
|c ведущий программист НТБ Томского политехнического университета
|f 1979-
|g Денис Алексеевич
|2 stltpush
|3 (RuTPU)RU\TPU\pers\32810
|4 340
|
| 712 |
0 |
2 |
|a Национальный исследовательский Томский политехнический университет
|b Научно-техническая библиотека
|2 stltpush
|3 (RuTPU)RU\TPU\col\25957
|9 28541
|
| 801 |
|
1 |
|a RU
|b 63413507
|c 20210203
|
| 801 |
|
2 |
|a RU
|b 63413507
|c 20210311
|g RCR
|
| 942 |
|
|
|c BK
|